The message of ecology

Αποθηκεύτηκε σε:
Λεπτομέρειες βιβλιογραφικής εγγραφής
Κύριος συγγραφέας: Krebs, Charles J.
Μορφή: Βιβλίο
Γλώσσα:English
Δημοσίευση: New York : Harper Collins, 1988
Θέματα:
Ετικέτες: Προσθήκη ετικέτας
Δεν υπάρχουν, Καταχωρήστε ετικέτα πρώτοι!

MARC

LEADER 00000nam a2200000 i 4500
001 1/105941
008 950626s1988 eng d
020 |a 0-06-043773-1 
035 |l 10013863 
040 |a GR-MY-UA  |b gre  |e aacr 
041 0 |a eng 
082 0 |a 574.5 
100 1 |a Krebs, Charles J. 
245 1 4 |a The message of ecology /  |c Charles J. Krebs 
260 |a New York :   |b Harper Collins,   |c 1988 
300 |a 195 p.  |b ill. 
504 |a Includes index. 
650 0 0 |a Ecology. 
852 |a INST  |b LESVOS  |e 19950626  |h 574.5 KRE  |p 005100008400  |q 005100008400  |t BK  |y 0 
909 |a Λ  |b 041961